000 01321cam a2200373 i 4500
001 17549360
003 EG-ScBUE
005 20250511092608.0
008 121204t2013 nyua f 001 0 eng d
020 _a9780823085651
040 _aDLC
_beng
_erda
_cDLC
_dDLC
_dEG-ScBUE
082 0 4 _a770.92
_222
_bHEI
100 1 _aHeisler, Gregory,
_eauthor.
240 1 0 _aPhotographs.
_kSelections
245 1 0 _aGregory Heisler, 50 portraits :
_bstories and techniques from a photographer's photographer /
_cGregory Heisler ; foreword by Michael R. Bloomberg.
246 3 0 _a50 portraits
246 3 _aFifty portraits
250 _aFirst edition.
264 1 _aNew York :
_bAmphoto Books, an imprint of the Crown Publishing Group,
_c[2013]
264 4 _ac2013
300 _a224 pages :
_billustrations (some color) ;
_c31 cm
336 _atext
_2rdacontent
_btxt
336 _astill image
_2rdacontent
_btxt
337 _aunmediated
_2rdamedia
_bn
338 _avolume
_2rdacarrier
_bnc
500 _aIncludes index.
650 7 _aCelebrities
_vPortraits.
_2BUEsh
650 7 _aPortrait photography.
_2BUEsh
653 _cMay2025
_bART
655 _vReading book
906 _a7
_bcbc
_corignew
_d1
_eecip
_f20
_gy-gencatlg
942 _2ddc
_cBB
999 _c30957
_d30928